000 00934nam a22002297 4500
999 _c1302
_d1302
003 AR-BaISA
005 20230811115436.0
007 ta
008 230428s2010 ag a|||| |||| 000 0 spa d
020 _a9789501213003
040 _bspa
_cAR-BaISA
082 0 4 _222
_a155.28 P549
100 1 _92841
_aPhillipson, Herbert
_eaut.
245 1 0 _aTRO:
_btest de relaciones objetales /
_cHerbert Phillipson; introducción y apéndice María Rosa Caride
260 _aBuenos Aires:
_bPaidós,
_c2010
300 _a230 p.
_e+ galería de láminas + juego de 13 láminas + 5 protocolos de análisis e investigación
505 _tLas bases teóricas de la técnica --
_tDescripción del test de relaciones objetales --
_tAnálisis e interpretación de las historias --
_tDatos normativos
650 1 0 _92785
_aPruebas psicológicas
650 1 0 _92298
_aPruebas de personalidad
700 1 _92842
_aCaride, María Rosa
_epro.
942 _2ddc
_cLI
_e22